01005nam a2200265 a 450000100100000000500170001000800410002702000150006804000250008308200180010810000320012624500700015826000420022830000210027050000350029150000710032665000510039765100590044865100550050770000300056273000380059273000400063073000360067073000330070600002120920240305125740.0100902s1998 dr 001 e spa d a9768175036 aDO-SdBNPbspacBNPHU a972.91bH552u1 aHamlet, Hermann,d1934-201610aUn ala del pájaro /cHamlet Hermann ; prólogo Juan Ducoudray. aSanto Domingo :bAlfa y Omega,c1998. a325 p. ;c22 cm. aIncluye índice onomástico. aIncluye datos biográficos del autor en la solapa de la cubierta. 4aDiarios dominicanosxSecciones, columnas, etc. 4aCubaxHistoriay1933-1959xEnsayos, Conferencias, Etc. 4aCubaxHistoriay1959-xEnsayos, Conferencias, Etc.1 aDucoudray, Juan,epról.0 aEl Siglo (República Dominicana)0 aLa Noticia (República Dominicana)0 aEl Sol (República Dominicana)0 aHoy (República Dominicana)